000 00303nam a2200121Ia 4500
008 190216s9999||||xx |||||||||||||| ||und||
100 _aElder Olson
245 4 _aThe Poetry Of Dylan Thomas
260 _bThe University Of Chicago Press
_c1967
300 _a118
650 _aEnglish Poetry
942 _cBK
999 _c12108
_d12108